Central Library OPAC University of Rajshahi

কার্ল মার্কস ফ্রিডরিখ এঙ্গেলস ধর্ম প্রসঙ্গে / (Record no. 59607)

MARC details
000 -LEADER
fixed length control field 00972nam a2200229 a 4500
001 - CONTROL NUMBER
control field 59607
003 - CONTROL NUMBER IDENTIFIER
rucl marc code BD-RjUL
005 - DATE AND TIME OF LATEST TRANSACTION
control field 20211209080741.0
008 - FIXED-LENGTH DATA ELEMENTS--GENERAL INFORMATION
fixed length control field 161226s1981 bg ||||| |||| 00| 0 ben d
035 ## - SYSTEM CONTROL NUMBER
System control number (BD-RjUL)59731
040 ## - CATALOGING SOURCE
Original cataloging agency BD-RjUL
Language of cataloging ben
Transcribing agency BD-RjUL
041 ## - LANGUAGE CODE
Language code of text/sound track or separate title ben
082 ## - DEWEY DECIMAL CLASSIFICATION NUMBER
Edition number 23
Classification number 335.43
Author mark and year MAK 1981
100 ## - MAIN ENTRY--PERSONAL NAME
Personal name মার্কস, কার্ল
9 (RLIN) 177305
245 10 - TITLE STATEMENT
Title কার্ল মার্কস ফ্রিডরিখ এঙ্গেলস ধর্ম প্রসঙ্গে /
Statement of responsibility, etc. কার্ল মার্কস, ফ্রিডরিখ এঙ্গেলস
260 ## - PUBLICATION, DISTRIBUTION, ETC. (IMPRINT)
Place of publication, distribution, etc. ঢাকা :
Name of publisher, distributor, etc. প্রগতি প্রকাশন,
Date of publication, distribution, etc. ১৯৮১
300 ## - PHYSICAL DESCRIPTION
Pagination ৩৮০ পৃ. ;
Size ২১ সেমি.
650 ## - SUBJECT ADDED ENTRY--TOPICAL TERM
Topical term or geographic name as entry element সাম্যবাদ (মার্ক্সিয়ান)
9 (RLIN) 177306
Topical term or geographic name as entry element Communism ( Marxian)
9 (RLIN) 177307
700 ## - ADDED ENTRY--PERSONAL NAME
Personal name এঙ্গেলস, ফ্রিডরিখ
942 ## - ADDED ENTRY ELEMENTS (KOHA)
Source of classification or shelving scheme Dewey Decimal Classification
Koha item type Books
Holdings
Lost status Source of classification or shelving scheme Damaged status Not for loan Collection code Permanent Location Current Location Shelving location Date acquired Total Checkouts Full call number Date last seen Copy number Koha item type
  Dewey Decimal Classification   Not For Loan Non-fiction Central Library, University of Rajshahi Central Library, University of Rajshahi Reading Room 05/08/1989   B 335.43 MAK 1981 26/12/2016 C-1 Books